[Event "Russian Championship G17 2016"]
[Site "Loo"]
[Date "2016.04.25"]
[Round "6.10"]
[White "Sakorenko, Adriana"]
[Black "Milovanova, Maria"]
[Result "0-1"]
[WhiteElo "1969"]
[BlackElo "1844"]
[PlyCount "70"]
[EventDate "2016.04.20"]

1. e4 c5 2. Nf3 Nc6 3. Bb5 d6 4. O-O Bd7 5. Re1 Nf6 6. h3 e6 7. c3 Ne5 8. Bxd7+
Qxd7 9. d4 Nxf3+ 10. Qxf3 cxd4 11. cxd4 d5 12. e5 Ne4 13. a3 Be7 14. Qg4 O-O-O
15. Nd2 h5 16. Qe2 Kb8 17. Nxe4 dxe4 18. Qxe4 Qxd4 19. Qf3 Qd5 20. Qxf7 Bc5 21.
Be3 Rdf8 22. Qg6 Bxe3 23. fxe3 Qxe5 24. Qc2 g5 25. Qe2 g4 26. Rf1 gxh3 27.
Rxf8+ Rxf8 28. gxh3 Rg8+ 29. Kh1 Rg3 30. Qf1 Qxe3 31. Qf8+ Kc7 32. Qe7+ Kc6 33.
Qe8+ Kb6 34. Qd8+ Ka6 35. Qd6+ b6 0-1

[Event "Russian Championship G17 2016"]
[Site "Loo"]
[Date "2016.04.25"]
[Round "6.11"]
[White "Abasheeva, Ksenia"]
[Black "Simakova, Elena"]
[Result "0-1"]
[WhiteElo "1886"]
[BlackElo "1826"]
[PlyCount "48"]
[EventDate "2016.04.20"]

1. e4 e5 2. Nf3 Nc6 3. d4 exd4 4. Nxd4 Nf6 5. Nxc6 bxc6 6. Bd3 d5 7. e5 Ng4 8.
O-O Qh4 9. Bf4 Bc5 10. Bg3 Qe7 11. Nd2 h5 12. h3 h4 13. Bf4 g5 14. hxg4 gxf4
15. Kh2 h3 16. g3 Qg5 17. Nf3 Qxg4 18. Nh4 Rxh4 19. Qxg4 Rxg4 20. Rfe1 Bxf2 21.
Re2 fxg3+ 22. Kxh3 Rf4+ 23. Kg2 Bg4 24. Ree1 Bf3+ 0-1

[Event "Russian Championship G17 2016"]
[Site "Loo"]
[Date "2016.04.25"]
[Round "6.12"]
[White "Shojhet, Sofiy"]
[Black "Golovkina, Anastasia"]
[Result "0-1"]
[WhiteElo "1807"]
[BlackElo "1881"]
[PlyCount "52"]
[EventDate "2016.04.20"]

1. Nf3 d5 2. g3 Bf5 3. Bg2 e6 4. d3 Nf6 5. Nbd2 Be7 6. O-O h6 7. c3 O-O 8. Re1
c5 9. Nf1 Nc6 10. Bf4 b5 11. h4 a5 12. N1d2 Nh5 13. Be3 e5 14. Nh2 Be6 15. Ndf3
Qc7 16. Qc2 Rfc8 17. Rad1 Rab8 18. Bc1 d4 19. e4 a4 20. b3 axb3 21. axb3 dxc3
22. Qxc3 c4 23. Nd2 Bb4 24. Qa1 c3 25. Ndf3 Bxb3 26. Ng4 Ra8 0-1

[Event "Russian Championship G17 2016"]
[Site "Loo"]
[Date "2016.04.25"]
[Round "6.13"]
[White "Potapova, Margarita"]
[Black "Suleimanova, Renata"]
[Result "1-0"]
[WhiteElo "2109"]
[BlackElo "1789"]
[PlyCount "53"]
[EventDate "2016.04.20"]

1. e4 e5 2. Nf3 Nf6 3. Nc3 Nc6 4. d4 exd4 5. Nxd4 Bb4 6. Nxc6 bxc6 7. Bd3 O-O
8. O-O Bxc3 9. bxc3 h6 10. e5 Nh7 11. Qh5 d6 12. Re1 dxe5 13. Qxe5 Nf6 14. Qg3
Kh8 15. c4 Be6 16. Bb2 Rg8 17. Be5 Nh5 18. Qf3 Qg5 19. Qe4 f5 20. Qxc6 Rae8 21.
Bxc7 Re7 22. Rxe6 Rxc7 23. Qxc7 Nf4 24. Qc6 Nh3+ 25. Kf1 Nxf2 26. Kxf2 Qh4+ 27.
Ke2 1-0

[Event "Russian Championship G17 2016"]
[Site "Loo"]
[Date "2016.04.25"]
[Round "6.14"]
[White "Shafigullina, Zarina"]
[Black "Yanuchenko, Polina"]
[Result "1/2-1/2"]
[WhiteElo "1930"]
[BlackElo "2092"]
[PlyCount "141"]
[EventDate "2016.04.20"]

1. d4 d5 2. c4 e6 3. g3 c6 4. Nf3 dxc4 5. Bg2 b5 6. Ne5 Bb7 7. O-O Qc8 8. Nc3
Nd7 9. Bf4 Ngf6 10. e4 Be7 11. g4 Nxe5 12. Bxe5 O-O 13. f4 Nd7 14. g5 Nxe5 15.
dxe5 Rd8 16. Qh5 g6 17. Qg4 Rd3 18. h4 Qd7 19. Ne2 Rd2 20. Rab1 Qd3 21. Bf3 c5
22. Ng3 Rd8 23. h5 Qe3+ 24. Kh1 Rf2 25. Rxf2 Qxf2 26. Rf1 Qxb2 27. hxg6 hxg6
28. Qh4 c3 29. f5 exf5 30. e6 Rf8 31. Qh6 c2 32. exf7+ Kxf7 33. Bh5 Qg7 34.
Bxg6+ Kg8 35. Qh5 Qh8 36. Qxh8+ Kxh8 37. Rc1 fxe4 38. Bxe4 Bxe4+ 39. Nxe4 Rf4
40. Nd2 Rh4+ 41. Kg2 Bxg5 42. Rxc2 Bxd2 43. Rxd2 Ra4 44. Kf3 c4 45. Re2 Kg7 46.
Ke3 Kf6 47. Kd4 a6 48. Rf2+ Ke6 49. Re2+ Kf5 50. Rf2+ Kg4 51. Kc3 Kg3 52. Rc2
Kf3 53. Rh2 Ra3+ 54. Kb4 Rd3 55. Rh6 c3 56. Kb3 a5 57. Kc2 Re3 58. Rh5 b4 59.
Rxa5 Ke4 60. Rb5 Re2+ 61. Kb1 Kd3 62. Rd5+ Kc4 63. Ra5 Rd2 64. Ra8 Rd6 65. Kc2
Rc6 66. Ra7 Kb5 67. Rb7+ Ka5 68. Ra7+ Kb6 69. Ra8 Kb7 70. Ra5 Kb6 71. Ra8
1/2-1/2

[Event "Russian Championship G17 2016"]
[Site "Loo"]
[Date "2016.04.25"]
[Round "6.15"]
[White "Aksenova, Maria"]
[Black "Zhemchuzhina, Elizaveta"]
[Result "1-0"]
[WhiteElo "1919"]
[BlackElo "2000"]
[PlyCount "79"]
[EventDate "2016.04.20"]

1. d4 Nf6 2. Nf3 e6 3. e3 b6 4. b3 Bb7 5. Bb2 d5 6. Bd3 Bd6 7. O-O O-O 8. c4
Nbd7 9. Ne5 Qe7 10. f4 Ne4 11. Rf3 f5 12. Rh3 Ndf6 13. Nd2 a5 14. a4 g6 15.
Nxe4 dxe4 16. Be2 Rad8 17. Qe1 Qg7 18. Rg3 Nd7 19. Nxd7 Rxd7 20. h4 Be7 21. Rh3
c5 22. g4 cxd4 23. c5 Bxc5 24. Bb5 fxg4 25. Bxd7 gxh3 26. Bxe6+ Kh8 27. Qf2 Rf6
28. exd4 h2+ 29. Qxh2 Bd6 30. d5 Bxf4 31. Qf2 e3 32. Qe2 Bg3 33. Qxe3 Bxh4 34.
Bxf6 Bxf6 35. Rd1 h5 36. d6 Qf8 37. d7 Kh7 38. d8=Q Bxd8 39. Rd7+ Kh8 40. Rxd8
1-0

[Event "Russian Championship G17 2016"]
[Site "Loo"]
[Date "2016.04.25"]
[Round "6.16"]
[White "Kozina, Anastasia"]
[Black "Teryaeva, Valeria"]
[Result "1-0"]
[WhiteElo "1994"]
[BlackElo "1929"]
[PlyCount "93"]
[EventDate "2016.04.20"]

1. e4 d5 2. exd5 Qxd5 3. Nf3 Bg4 4. d4 Nc6 5. Be2 O-O-O 6. c3 e5 7. O-O exd4 8.
Nxd4 Bxe2 9. Qxe2 Nxd4 10. cxd4 Qxd4 11. Nc3 Bd6 12. Be3 Qe5 13. Qg4+ f5 14.
Qh3 Kb8 15. Rfe1 Qa5 16. Rad1 Nf6 17. Qf3 Ng4 18. h3 Nxe3 19. Rxe3 Rhe8 20. Rd5
Rxe3 21. Qxe3 Qb4 22. Rb5 Qf4 23. Qxf4 Bxf4 24. Rxf5 Bc1 25. b3 a6 26. Rf7 Bb2
27. Ne4 Rd1+ 28. Kh2 Ra1 29. a4 h6 30. g4 Ra3 31. Rf3 Be5+ 32. Kg2 b6 33. Nd2
Bf6 34. Nc4 Ra2 35. Ne3 Kb7 36. Nf5 Rd2 37. Nxh6 gxh6 38. Rxf6 Rd3 39. Rf3 Rd5
40. h4 b5 41. axb5 axb5 42. Rg3 c5 43. g5 hxg5 44. hxg5 c4 45. bxc4 bxc4 46. g6
Rd8 47. f4 1-0

[Event "Russian Championship G17 2016"]
[Site "Loo"]
[Date "2016.04.25"]
[Round "6.17"]
[White "Barbaeva, Irina"]
[Black "Mukhtarova, Anastasiia"]
[Result "1-0"]
[WhiteElo "1968"]
[BlackElo "1877"]
[PlyCount "100"]
[EventDate "2016.04.20"]

1. e4 c5 2. Nf3 e6 3. d4 cxd4 4. Nxd4 a6 5. Bd3 Nf6 6. O-O Qc7 7. c4 b6 8. Nc3
Bb7 9. a3 Be7 10. b4 O-O 11. Rb1 d5 12. exd5 exd5 13. Nxd5 Nxd5 14. cxd5 Bf6
15. Bb2 Rd8 16. Qh5 g6 17. Qf3 Be5 18. Be4 Bxh2+ 19. Kh1 Bd6 20. Nc6 Nd7 21.
Rfc1 Bxc6 22. dxc6 Ne5 23. Qf6 Re8 24. f4 Re6 25. Qh4 Be7 26. Qh6 Bf8 27. Qg5
f6 28. Qg3 Nf7 29. Bd5 Rd6 30. Rd1 Rad8 31. Qb3 b5 32. Rd3 Re8 33. Rbd1 Re7 34.
Bxf7+ Rxf7 35. Rxd6 Bxd6 36. Qe6 Qxc6 37. Qxd6 Qe4 38. Bxf6 Qf5 39. Be5 h5 40.
Qb8+ Rf8 41. Rd8 Qf7 42. Kh2 Qf5 43. Rxf8+ Qxf8 44. g4 Qxb8 45. Bxb8 hxg4 46.
Kg3 Kf7 47. Kxg4 Kf6 48. Be5+ Ke6 49. Kg5 Ke7 50. Bf6+ Ke6 1-0

[Event "Russian Championship G17 2016"]
[Site "Loo"]
[Date "2016.04.25"]
[Round "6.18"]
[White "Bychenkova, Yulia"]
[Black "Kosheparova, Tatiana"]
[Result "0-1"]
[WhiteElo "1696"]
[BlackElo "1933"]
[PlyCount "64"]
[EventDate "2016.04.20"]

1. d4 d5 2. Nf3 Nf6 3. e3 e6 4. Bd3 c5 5. b3 Nc6 6. Bb2 Bd6 7. O-O O-O 8. Nbd2
b6 9. Ne5 Bb7 10. f4 Rc8 11. a3 Ne7 12. Qf3 Nf5 13. g4 Nh4 14. Qh3 Ne4 15. Ndf3
Nxf3+ 16. Nxf3 c4 17. bxc4 dxc4 18. Be2 c3 19. Bc1 Bd5 20. Bd3 f5 21. Bxe4 fxe4
22. Ne5 b5 23. g5 Bxe5 24. dxe5 Bc4 25. Re1 Qb6 26. Rb1 Rxf4 27. Rd1 Rcf8 28.
a4 b4 29. Qh5 Rf1+ 30. Rxf1 Rxf1+ 31. Kg2 a5 32. Bd2 g6 0-1

[Event "Russian Championship G17 2016"]
[Site "Loo"]
[Date "2016.04.25"]
[Round "6.19"]
[White "Skomorokhina, Ekaterina"]
[Black "Kazak, Natalia"]
[Result "1-0"]
[WhiteElo "1883"]
[BlackElo "1784"]
[PlyCount "119"]
[EventDate "2016.04.20"]

1. d4 Nf6 2. Bf4 g6 3. e3 Bg7 4. Nf3 d6 5. h3 O-O 6. Be2 c5 7. c4 Nc6 8. Nc3
Qb6 9. Qd2 Bf5 10. O-O Ne4 11. Nxe4 Bxe4 12. Ng5 Bf5 13. d5 Nb4 14. e4 Bd7 15.
a3 Na6 16. Rab1 Qd8 17. Nf3 Qc7 18. Rfe1 Rab8 19. b4 Ra8 20. Bf1 f6 21. Qb2 b6
22. Bh2 Rae8 23. Nd2 f5 24. e5 f4 25. Nf3 dxe5 26. Qe2 e4 27. Nd2 Bc3 28. b5
Nb8 29. Rb3 Qe5 30. Rxc3 Qxc3 31. Nxe4 Qg7 32. Ng5 Qf6 33. Ne6 Bxe6 34. Qxe6+
Kg7 35. g3 fxg3 36. Bxg3 Qxe6 37. dxe6 Rf3 38. Ra1 Kg8 39. a4 Rff8 40. a5 Rc8
41. axb6 axb6 42. Ra7 Rfe8 43. Bg2 Kg7 44. Be5+ Kh6 45. Rb7 g5 46. Rxb6 Rcd8
47. Kh2 Rf8 48. Bg3 Kg6 49. Bd5 h5 50. Kg2 h4 51. Be5 Kf5 52. Bc7 Rc8 53. Rb7
g4 54. hxg4+ Kxg4 55. f3+ Kg5 56. Bxb8 Rxb8 57. Rxe7 Rh8 58. Rg7+ Kf6 59. Rf7+
Kg6 60. f4 1-0

[Event "Russian Championship G17 2016"]
[Site "Loo"]
[Date "2016.04.25"]
[Round "6.20"]
[White "Spiridonova, Yana"]
[Black "Borunova, Tatiana"]
[Result "1/2-1/2"]
[WhiteElo "1824"]
[BlackElo "1699"]
[PlyCount "148"]
[EventDate "2016.04.20"]

1. d4 d5 2. c4 c6 3. Nc3 Nf6 4. Bg5 e6 5. Nf3 Be7 6. e3 Nbd7 7. Be2 h6 8. Bh4
O-O 9. O-O dxc4 10. Bxc4 b5 11. Bd3 a6 12. e4 c5 13. e5 Nd5 14. Bxe7 Nxc3 15.
bxc3 Qxe7 16. Be4 Rb8 17. Nd2 Rd8 18. f4 Nb6 19. Nb3 cxd4 20. Nxd4 Bb7 21. Qf3
Bxe4 22. Qxe4 Rbc8 23. Kh1 Nd5 24. f5 exf5 25. Nxf5 Qe6 26. Rf3 Rc4 27. Nd4 Qg6
28. Qxg6 fxg6 29. e6 Rxc3 30. e7 Re8 31. Rxc3 Nxc3 32. Nc6 Nd5 33. Re1 Kf7 34.
Nd8+ Kf6 35. Re6+ Kf5 36. Rxa6 Rxe7 37. h3 Re1+ 38. Kh2 Re2 39. Nc6 Ke4 40. Na7
Nf4 41. Nxb5 Rxg2+ 42. Kh1 Rb2 43. Nc3+ Kf3 44. Ra3 Nd3 45. Nd1 Rd2 46. Nb2 Ke4
47. Nc4 Rd1+ 48. Kg2 Nf4+ 49. Kh2 Rd4 50. Re3+ Kf5 51. Rc3 Nd5 52. Rc1 Rd3 53.
Rg1 Nf4 54. Rg3 Rd4 55. Rc3 Ke6 56. a4 Kd5 57. Nb6+ Ke4 58. Rc4 Rxc4 59. Nxc4
Kd5 60. Nb6+ Kc5 61. a5 Kb5 62. Kg3 Ne6 63. Nd7 Kxa5 64. Ne5 g5 65. Kg4 Kb5 66.
Kf5 Nf8 67. Nf3 Kc5 68. Ne5 Kd4 69. Nf7 Ke3 70. Nxg5 hxg5 71. Kxg5 Ke4 72. h4
Ke5 73. h5 Ke6 74. h6 Kf7 1/2-1/2

[Event "Russian Championship G17 2016"]
[Site "Loo"]
[Date "2016.04.25"]
[Round "6.21"]
[White "Shabunova, Ekaterina"]
[Black "Bushueva, Tatjana"]
[Result "1-0"]
[WhiteElo "1805"]
[BlackElo "1678"]
[PlyCount "79"]
[EventDate "2016.04.20"]

1. e4 e6 2. d4 d5 3. e5 c5 4. Nf3 Nc6 5. Bd3 cxd4 6. O-O Qc7 7. Re1 Nge7 8. Bf4
Qb6 9. Nbd2 Ng6 10. Bg3 Be7 11. Qe2 Bd7 12. a3 Na5 13. b4 Nc6 14. Nb3 Rc8 15.
h4 Nf8 16. Rad1 a6 17. h5 h6 18. Nh4 Na7 19. Qg4 Rg8 20. f4 Bb5 21. f5 Bg5 22.
fxe6 Nxe6 23. Nf5 Kd8 24. Nd6 Rc7 25. Qf3 Be3+ 26. Kh1 Rf8 27. Qxd5 Rd7 28. Nc5
Nxc5 29. bxc5 Qc6 30. Nxf7+ Kc8 31. Qxc6+ Bxc6 32. e6 Rd5 33. Bg6 Nb5 34. Nd6+
Kd8 35. Bh4+ Kc7 36. e7 Rh8 37. e8=Q Bxe8 38. Nxe8+ Kb8 39. Rxe3 Rxc5 40. Re7
1-0

[Event "Russian Championship G17 2016"]
[Site "Loo"]
[Date "2016.04.25"]
[Round "6.22"]
[White "Kovaleva, Ekaterina"]
[Black "Bocharova, Anastasia"]
[Result "0-1"]
[WhiteElo "1786"]
[BlackElo "1612"]
[PlyCount "128"]
[EventDate "2016.04.20"]

1. e4 e6 2. d4 d5 3. Nd2 dxe4 4. Nxe4 Nd7 5. Nf3 Ngf6 6. Nxf6+ Nxf6 7. Be3 Bd7
8. Ne5 Nd5 9. Bd2 c5 10. Qg4 cxd4 11. Qxd4 Qf6 12. c4 Bc5 13. Qxc5 Qxe5+ 14.
Be2 Rc8 15. Qxa7 Qxb2 16. Rd1 Nc3 17. Bxc3 Qxc3+ 18. Rd2 Bc6 19. Qd4 Qxd4 20.
Rxd4 Ra8 21. Rd2 Bxg2 22. Rg1 Be4 23. Rxg7 Bg6 24. Bf3 Kf8 25. Rxg6 hxg6 26.
Bxb7 Rb8 27. Bc6 Rxh2 28. a4 Rb1+ 29. Ke2 Rh3 30. Bb5 Ra3 31. c5 Rc1 32. c6 Kg7
33. Rd7 Rc2+ 34. Rd2 Rc5 35. Rd7 e5 36. c7 Rac3 37. Re7 Kf6 38. Rd7 Rxc7 39.
Rd6+ Ke7 40. Ra6 Rb7 41. Ra8 Ra3 42. Re8+ Kf6 43. Rc8 Kf5 44. Rc4 e4 45. Rc6 g5
46. Rd6 f6 47. Ra6 Ke5 48. Rc6 f5 49. Rc5+ Kf4 50. Rd5 Rh7 51. Bd7 Rxd7 52.
Rxd7 Rxa4 53. Rd5 Kg4 54. Rc5 f4 55. Rc3 Ra2+ 56. Kf1 f3 57. Ke1 Kh3 58. Rc4
Kg2 59. Rxe4 Ra1+ 60. Kd2 Kxf2 61. Rg4 Ra5 62. Kd3 Rf5 63. Kc2 Ke3 64. Rg3 Ke2
0-1

[Event "Russian Championship G17 2016"]
[Site "Loo"]
[Date "2016.04.25"]
[Round "6.23"]
[White "Kheyfets, Nataliya"]
[Black "Senkova, Darya"]
[Result "1-0"]
[WhiteElo "2035"]
[BlackElo "1685"]
[PlyCount "45"]
[EventDate "2016.04.20"]

1. e4 d5 2. exd5 Nf6 3. Nf3 Qxd5 4. Be2 Bg4 5. O-O Nc6 6. d4 O-O-O 7. c4 Qf5 8.
Be3 e6 9. Qb3 h5 10. Nc3 Qg6 11. Rfd1 h4 12. d5 Bxf3 13. Bxf3 Ne5 14. Be2 h3
15. g3 Ne4 16. Nb5 Nc5 17. Nxa7+ Kb8 18. Nc6+ Nxc6 19. dxc6 Rxd1+ 20. Rxd1 b6
21. Rd8+ Ka7 22. Qa3+ Na6 23. Qxa6+ 1-0

[Event "Russian Championship G17 2016"]
[Site "Loo"]
[Date "2016.04.25"]
[Round "6.24"]
[White "Elkina, Yuliya"]
[Black "Yurovskikh, Yasmin"]
[Result "0-1"]
[WhiteElo "1559"]
[BlackElo "1892"]
[PlyCount "84"]
[EventDate "2016.04.20"]

1. f4 e5 2. fxe5 d6 3. exd6 Bxd6 4. Nf3 Nf6 5. d4 Ng4 6. e4 Bxh2 7. Nxh2 Qh4+
8. Kd2 Nxh2 9. Nc3 Nc6 10. Bb5 Qf2+ 11. Kd3 O-O 12. Bxc6 bxc6 13. Ne2 Qxg2 14.
Nf4 Ba6+ 15. c4 Qg3+ 16. Be3 Ng4 17. Qg1 Bxc4+ 18. Kxc4 Nxe3+ 19. Kd3 Ng2+ 20.
Kc2 Ne3+ 21. Kd3 Qxf4 22. Qxe3 Qxe3+ 23. Kxe3 f5 24. e5 Rae8 25. Rac1 Re6 26.
Rc5 g5 27. Rhc1 Rff6 28. Ra5 Rf7 29. Rxa7 f4+ 30. Ke4 f3 31. d5 cxd5+ 32. Kxd5
Rfe7 33. Raxc7 Rxe5+ 34. Kd6 Rxc7 35. Kxc7 g4 36. b4 f2 37. Rf1 g3 38. b5 Rxb5
39. a4 Ra5 40. Kb6 Rxa4 41. Kb5 Re4 42. Kc5 Re1 0-1

[Event "Russian Championship G17 2016"]
[Site "Loo"]
[Date "2016.04.25"]
[Round "6.25"]
[White "Chistyakova, Daria"]
[Black "Protasova, Anastasia"]
[Result "0-1"]
[WhiteElo "1857"]
[BlackElo "1843"]
[PlyCount "68"]
[EventDate "2016.04.20"]

1. e4 c6 2. d4 d5 3. Nc3 dxe4 4. Nxe4 Bf5 5. Ng3 Bg6 6. Nf3 Nd7 7. Bc4 e6 8.
O-O Bd6 9. Qe2 Ngf6 10. Ne5 Nd5 11. f4 Nxe5 12. dxe5 Bc5+ 13. Kh1 O-O 14. f5
exf5 15. Rxf5 Bxf5 16. Nxf5 Qe8 17. Bd3 Qe6 18. Qg4 g6 19. Bg5 h5 20. Nh6+ Kg7
21. Qh4 Be7 22. Rf1 Qxe5 23. Nf5+ gxf5 24. Rxf5 Qe6 25. Rf3 Rh8 26. c4 Nf6 27.
Qg3 Ng4 28. Bxe7 Qxe7 29. h3 Rae8 30. hxg4 Qe1+ 31. Qxe1 Rxe1+ 32. Rf1 Rxf1+
33. Bxf1 hxg4+ 34. Kg1 Rd8 0-1

[Event "Russian Championship G17 2016"]
[Site "Loo"]
[Date "2016.04.25"]
[Round "6.26"]
[White "Shelepneva, Darya"]
[Black "Dorofeeva, Nyurguiaana"]
[Result "0-1"]
[WhiteElo "1780"]
[BlackElo "1851"]
[PlyCount "102"]
[EventDate "2016.04.20"]

1. e4 c6 2. d4 d5 3. Nc3 dxe4 4. Nxe4 Bf5 5. Ng3 Bg6 6. h4 h6 7. Nh3 Nf6 8. Nf4
Bh7 9. Be3 e6 10. Bd3 Bxd3 11. Qxd3 Nbd7 12. O-O-O Qa5 13. Kb1 O-O-O 14. c4 Bd6
15. Rc1 Ng4 16. Rhf1 Qc7 17. Nge2 Nxe3 18. Qxe3 Rhe8 19. g3 e5 20. dxe5 Bc5 21.
Qc3 Nxe5 22. Qc2 Kb8 23. Ng1 g5 24. hxg5 hxg5 25. Nfh3 g4 26. Nf4 Rd4 27. Rfe1
Red8 28. Qf5 Rxf4 29. Qxe5 Bd6 30. Qe3 Rf6 31. c5 Bf8 32. Rcd1 Re6 33. Qg5 Rxe1
34. Rxe1 Qd7 35. Qe3 Kc8 36. f3 Qf5+ 37. Ka1 gxf3 38. Nxf3 Bxc5 39. Qc3 Bf2 40.
Rc1 Bxg3 41. Nd4 Qe5 42. Nf5 Qxc3 43. bxc3 Be5 44. Kb2 Rd2+ 45. Kb3 Kd7 46. Re1
f6 47. Re4 Rd3 48. Rc4 b5 49. Rc5 Rf3 50. Nh4 Rf1 51. Ng6 Kd6 0-1

[Event "Russian Championship G17 2016"]
[Site "Loo"]
[Date "2016.04.25"]
[Round "6.27"]
[White "Alekseeva, Angelina"]
[Black "Grigorian, Ivetta"]
[Result "1-0"]
[WhiteElo "1619"]
[BlackElo "1446"]
[PlyCount "61"]
[EventDate "2016.04.20"]

1. d4 Nf6 2. c4 g6 3. Nf3 Bg7 4. g3 d6 5. Bg2 O-O 6. O-O Nbd7 7. Nc3 e5 8. e4
Qe7 9. h3 Ne8 10. Re1 h6 11. Be3 Kh7 12. Qd2 a6 13. Rac1 b6 14. Nh2 Bb7 15. b4
Rd8 16. f4 f5 17. exf5 Bxg2 18. fxg6+ Kxg6 19. Kxg2 Kh7 20. Qd3+ Kh8 21. Nf3
Kg8 22. Nh4 Rf7 23. Nd5 Qe6 24. f5 Rxf5 25. Qxf5 Qxf5 26. Nxf5 Kh7 27. Nxg7
Kxg7 28. dxe5 Nxe5 29. Bd4 Kf7 30. Bxe5 dxe5 31. Rxe5 1-0

[Event "Russian Championship G19 2016"]
[Site "Loo"]
[Date "2016.04.25"]
[Round "6.1"]
[White "Maslova, Polina"]
[Black "Obolentseva, Alexandra"]
[Result "1/2-1/2"]
[WhiteElo "2096"]
[BlackElo "2315"]
[PlyCount "66"]
[EventDate "2016.04.20"]

1. e4 c5 2. Nf3 d6 3. Bb5+ Bd7 4. Bxd7+ Qxd7 5. c4 Nc6 6. d4 cxd4 7. Nxd4 Nf6
8. Nc3 g6 9. f3 Bg7 10. Be3 O-O 11. O-O Rac8 12. b3 Rfd8 13. Rc1 e6 14. Re1 Nh5
15. Qd2 a6 16. Nxc6 Rxc6 17. Qd3 Qc8 18. Na4 Qc7 19. b4 Rc8 20. b5 Rxc4 21. Nb6
Rxc1 22. Rxc1 Qxc1+ 23. Bxc1 Rxc1+ 24. Kf2 Nf4 25. Qxd6 Rc2+ 26. Kf1 Rc1+ 27.
Kf2 Rc2+ 28. Kf1 Be5 29. Qd8+ Kg7 30. Nd7 Rc1+ 31. Kf2 Rc2+ 32. Kf1 Rc1+ 33.
Kf2 Rc2+ 1/2-1/2

[Event "Russian Championship G19 2016"]
[Site "Loo"]
[Date "2016.04.25"]
[Round "6.2"]
[White "Yakimenko, Viktoria"]
[Black "Lysenko, Margarita"]
[Result "1-0"]
[WhiteElo "2056"]
[BlackElo "2071"]
[PlyCount "109"]
[EventDate "2016.04.20"]

1. e4 Nf6 2. e5 Nd5 3. d4 d6 4. c4 Nb6 5. exd6 cxd6 6. Nc3 g6 7. Be3 Bg7 8. Rc1
O-O 9. b3 Nc6 10. d5 Ne5 11. Be2 f5 12. f4 Nf7 13. Nf3 e5 14. dxe6 Bxe6 15. O-O
Re8 16. Qd2 a6 17. Rfe1 Bd7 18. Nd4 Bc6 19. Nxc6 bxc6 20. Bf3 Rc8 21. Bd4 Bxd4+
22. Qxd4 Nd7 23. Na4 Qc7 24. g3 a5 25. h3 Rcd8 26. Kh2 Rb8 27. Qb2 Nb6 28. Nxb6
Qxb6 29. Qg2 Rbc8 30. Rxe8+ Rxe8 31. Bxc6 Re7 32. Rd1 Qe3 33. Bd5 Qe2 34. Rd2
Qxg2+ 35. Kxg2 Kg7 36. Kf2 Nd8 37. Re2 Rc7 38. Ke3 Nc6 39. Bxc6 Rxc6 40. Kd4
Kf7 41. a3 Rb6 42. Re3 h6 43. h4 g5 44. hxg5 hxg5 45. Kc3 gxf4 46. gxf4 Rb8 47.
b4 axb4+ 48. axb4 Ra8 49. b5 Ra3+ 50. Kd4 Ra4 51. Kd5 Rb4 52. Rc3 Ke7 53. Kc6
Ra4 54. b6 Rb4 55. Kc7 1-0

[Event "Russian Championship G19 2016"]
[Site "Loo"]
[Date "2016.04.25"]
[Round "6.3"]
[White "Rodionova, Daria"]
[Black "Drogovoz, Irina"]
[Result "1-0"]
[WhiteElo "2212"]
[BlackElo "2205"]
[PlyCount "73"]
[EventDate "2016.04.20"]

1. e4 c5 2. Nf3 d6 3. d4 cxd4 4. Nxd4 Nf6 5. Nc3 a6 6. h3 e5 7. Nde2 h5 8. g3
Be6 9. Bg2 Be7 10. Be3 Nbd7 11. a4 O-O 12. f4 exf4 13. gxf4 Re8 14. Nd4 Nb6 15.
Nxe6 fxe6 16. e5 Nfd5 17. Bxd5 Bh4+ 18. Ke2 exd5 19. a5 dxe5 20. Bxb6 exf4+ 21.
Kf3 Qf6 22. Qxd5+ Re6 23. Rag1 Qf7 24. Bd4 g6 25. Qxh5 Re3+ 26. Bxe3 fxe3+ 27.
Ke2 Qf2+ 28. Kd3 Rd8+ 29. Kc4 Qf4+ 30. Kb3 Qf7+ 31. Ka3 Be7+ 32. b4 Bxb4+ 33.
Kxb4 Rd4+ 34. Ka3 Qe7+ 35. Ka2 Qf7+ 36. Kb1 Rd1+ 37. Qxd1 1-0

[Event "Russian Championship G19 2016"]
[Site "Loo"]
[Date "2016.04.25"]
[Round "6.4"]
[White "Solozhenkina, Elizaveta"]
[Black "Antipova, Anastasia"]
[Result "1-0"]
[WhiteElo "2137"]
[BlackElo "2103"]
[PlyCount "85"]
[EventDate "2016.04.20"]

1. e4 c5 2. Nf3 d6 3. d4 cxd4 4. Nxd4 Nf6 5. f3 g6 6. c4 Bg7 7. Nc3 O-O 8. Be3
Nc6 9. Qd2 Bd7 10. Be2 Rc8 11. O-O a6 12. Rac1 Nxd4 13. Bxd4 Be6 14. b3 Bd7 15.
Rfd1 e5 16. Be3 Rc6 17. b4 Qe7 18. b5 axb5 19. cxb5 Rc7 20. Bb6 Rcc8 21. Qxd6
Qxd6 22. Rxd6 Be6 23. Be3 Rfe8 24. Rdd1 Bf8 25. Nd5 Nxd5 26. Rxc8 Rxc8 27. exd5
Bd7 28. Rc1 Rxc1+ 29. Bxc1 Bc5+ 30. Kf1 Bf5 31. Ke1 Kf8 32. Bb2 e4 33. g4 exf3
34. gxf5 fxe2 35. f6 h5 36. Kxe2 Ke8 37. Kd3 g5 38. Ke4 g4 39. Be5 Bg1 40. Kf5
Be3 41. Bf4 Bd4 42. Kg5 Kd7 43. Kxh5 1-0

[Event "Russian Championship G19 2016"]
[Site "Loo"]
[Date "2016.04.25"]
[Round "6.5"]
[White "Marjina, Arina"]
[Black "Mamontova, Anastasia"]
[Result "1-0"]
[WhiteElo "2024"]
[BlackElo "2065"]
[PlyCount "95"]
[EventDate "2016.04.20"]

1. d4 d5 2. c4 Nc6 3. Nc3 dxc4 4. d5 Ne5 5. f4 Ng4 6. e4 e5 7. f5 h5 8. Nf3 Bc5
9. Bxc4 Nf2 10. Qb3 Qd6 11. Rf1 Ng4 12. h3 N4f6 13. Nb5 Qe7 14. Bg5 a6 15. Nc3
b5 16. Bd3 Qd6 17. O-O-O Bd7 18. Kb1 Ne7 19. Bc2 Nc8 20. Nxe5 Qxe5 21. Bf4 Qe7
22. e5 O-O 23. exf6 Qxf6 24. Bxc7 Qh6 25. f6 g6 26. Bf4 Qh8 27. Ne4 Bb6 28. Bg5
Bf5 29. g4 Bxe4 30. Bxe4 Nd6 31. Bf3 Bd8 32. Bg2 h4 33. Qb4 Bc7 34. Qd4 Rac8
35. Rfe1 Bd8 36. Qf2 Ne8 37. Rf1 Qh7 38. d6 Rb8 39. Qa7 Rb6 40. Qd7 Rb8 41.
Rde1 Ba5 42. Rd1 Bd8 43. a3 Qh8 44. Qa7 Rb6 45. d7 Nxf6 46. Rfe1 Re6 47. Rxe6
fxe6 48. Qxa6 1-0

[Event "Russian Championship G19 2016"]
[Site "Loo"]
[Date "2016.04.25"]
[Round "6.6"]
[White "Diakonova, Ekaterina"]
[Black "Lingur, Zalina"]
[Result "1-0"]
[WhiteElo "2281"]
[BlackElo "2216"]
[PlyCount "73"]
[EventDate "2016.04.20"]

1. e4 c5 2. Nf3 d6 3. d4 cxd4 4. Nxd4 Nf6 5. Nc3 a6 6. h3 e5 7. Nde2 h5 8. g3
Be6 9. Bg2 Nbd7 10. a4 Be7 11. O-O O-O 12. Be3 Rb8 13. f4 b5 14. axb5 axb5 15.
f5 Bc4 16. b3 b4 17. bxc4 bxc3 18. Nxc3 Nb6 19. Qe2 Rc8 20. c5 dxc5 21. Rfd1
Qe8 22. Ra6 Rb8 23. Nd5 Nfxd5 24. exd5 Bd6 25. f6 Qc8 26. fxg7 Kxg7 27. Qxh5
Rh8 28. Qg5+ Kf8 29. Ra7 Nd7 30. Rf1 Be7 31. Qf5 Nf6 32. Qxe5 Bd8 33. Rxf6 Bxf6
34. Qxf6 Rh7 35. Bh6+ Kg8 36. Be4 Rb1+ 37. Kg2 1-0

[Event "Russian Championship G19 2016"]
[Site "Loo"]
[Date "2016.04.25"]
[Round "6.7"]
[White "Yakimenko, Anastasia"]
[Black "Arutyunova, Asya"]
[Result "1-0"]
[WhiteElo "2050"]
[BlackElo "1941"]
[PlyCount "69"]
[EventDate "2016.04.20"]

1. e4 c6 2. d4 d5 3. Nd2 dxe4 4. Nxe4 Nf6 5. Ng3 Nbd7 6. Nf3 e6 7. Bd3 c5 8.
O-O Qc7 9. Qe2 Be7 10. Bc4 Nb6 11. Bb5+ Bd7 12. dxc5 Qxc5 13. Bd3 O-O 14. Ne5
g6 15. Bh6 Rfe8 16. Rfe1 Bf8 17. Bxf8 Rxf8 18. Qf3 Nfd5 19. Ne4 Qe7 20. c4 f5
21. Ng5 Qxg5 22. cxd5 Qf6 23. Nxd7 Nxd7 24. Bb5 Nc5 25. dxe6 Ne4 26. Qb3 Kh8
27. f3 Qd4+ 28. Qe3 Qxe3+ 29. Rxe3 Nd6 30. e7 Rg8 31. Rae1 Nxb5 32. e8=Q Raxe8
33. Rxe8 Nd6 34. Rxg8+ Kxg8 35. Re7 1-0

[Event "Russian Championship G19 2016"]
[Site "Loo"]
[Date "2016.04.25"]
[Round "6.8"]
[White "Mukhina, Jana"]
[Black "Sayafarova, Anna"]
[Result "1/2-1/2"]
[WhiteElo "2072"]
[BlackElo "1947"]
[PlyCount "58"]
[EventDate "2016.04.20"]

1. e4 e5 2. Nf3 Nf6 3. Nxe5 d6 4. Nf3 Nxe4 5. d4 d5 6. Bd3 Nc6 7. O-O Be7 8.
Nc3 Nxc3 9. bxc3 Bg4 10. h3 Bh5 11. Re1 O-O 12. Rb1 Rb8 13. Bf4 h6 14. g4 Bg6
15. Ne5 Nxe5 16. Bxe5 Bxd3 17. Qxd3 Bd6 18. Qg3 Bxe5 19. Rxe5 Qd6 20. Rbe1 f6
21. Re7 Qxg3+ 22. fxg3 Rf7 23. R7e3 Rbf8 24. Re7 Rxe7 25. Rxe7 Rf7 26. Re8+ Rf8
27. Re7 Rf7 28. Re8+ Rf8 29. Re7 Rf7 1/2-1/2